[Event "Titled Tuesday intern op 06th Feb Late"]
[Site "Chess.com INT"]
[Date "2024.02.06"]
[Round "5"]
[White "Giang, Tran Nam"]
[Black "Van Dael, Siem"]
[Result "1/2-1/2"]
[WhiteElo "2135"]
[BlackElo "2319"]
[PlyCount "140"]
[EventDate "2024.02.06"]
[EventType "swiss (blitz)"]
[EventRounds "11"]
[EventCountry "USA"]
[SourceTitle "CB07_2024"]
[SourceDate "2024.02.14"]
[SourceVersion "1"]
[SourceVersionDate "2024.02.14"]
[SourceQuality "1"]

1. e4 e5 2. Nf3 Nc6 3. Bb5 a6 4. Ba4 d6 5. c3 f5 6. exf5 Bxf5 7. 0-0 Bd3 8. Re1 Nf6 9. Bc2 Bxc2 10. Qxc2 Be7 11. d4 e4 12. Ng5 d5 13. f3 h6 14. Nh3 0-0 15. Nd2 exf3 16. Nxf3 Qd7 17. Nf2 Bd6 18. Ne5 Bxe5 19. dxe5 Ne4 20. Nxe4 dxe4 21. Qxe4 Rae8 22. Bf4 Qe6 23. Rad1 Rf5 24. Bg3 Nxe5 25. Kh1 Ref8 26. Bxe5 Rxe5 27. Qxe5 Rf1+ 28. Rxf1 Qxe5 29. Rd2 Qe6 30. a3 a5 31. Rd8+ Kh7 32. Rdf8 b5 33. R8f5 Qb3 34. R5f2 c5 35. h3 a4 36. Re1 Qd5 37. Ree2 Qb3 38. Rd2 Qe6 39. Rfe2 Qf5 40. Rf2 Qe4 41. Rde2 Qb7 42. Rf3 b4 43. cxb4 cxb4 44. Rfe3 b3 45. Re7 Qd5 46. Re1 Kg6 47. R7e6+ Kf5 48. R6e2 g5 49. Kh2 Qd6+ 50. g3 Qd4 51. Rf1+ Kg6 52. Re6+ Kg7 53. Re2 Qc4 54. Rfe1 Kf6 55. Rf2+ Kg6 56. Rfe2 Qc5 57. Re6+ Kf7 58. R6e2 Qf5 59. Kg2 Qd5+ 60. Kh2 Qd4 61. Re7+ Kg6 62. R7e6+ Kg7 63. Re7+ Kf8 64. Re8+ Kf7 65. R1e7+ Kf6 66. Re6+ Kf7 67. R8e7+ Kf8 68. Re8+ Kf7 69. R6e7+ Kg6 70. Re6+ Kf7 1/2-1/2

[Event "Titled Tuesday intern op 06th Feb Late"]
[Site "Chess.com INT"]
[Date "2024.02.06"]
[Round "6"]
[White "Van Dael, Siem"]
[Black "Boder, Jan"]
[Result "0-1"]
[WhiteElo "2319"]
[BlackElo "2328"]
[PlyCount "98"]
[EventDate "2024.02.06"]
[EventType "swiss (blitz)"]
[EventRounds "11"]
[EventCountry "USA"]
[SourceTitle "CB07_2024"]
[SourceDate "2024.02.14"]
[SourceVersion "1"]
[SourceVersionDate "2024.02.14"]
[SourceQuality "1"]

1. Nf3 Nf6 2. g3 g6 3. Bg2 Bg7 4. 0-0 0-0 5. d4 d6 6. a4 c5 7. dxc5 dxc5 8. Qxd8 Rxd8 9. Ne5 Nd5 10. Nxf7 Kxf7 11. Rd1 e6 12. c4 Nc6 13. cxd5 Nd4 14. Nc3 exd5 15. Bxd5+ Be6 16. Bxe6+ Kxe6 17. Bg5 Rd7 18. Kg2 h6 19. Be3 Rad8 20. Rd2 Nb3 21. Rxd7 Rxd7 22. Rb1 b6 23. h4 h5 24. Ne4 Be5 25. Ng5+ Kf5 26. Nf3 a6 27. Nxe5 Kxe5 28. Bf4+ Ke4 29. f3+ Kf5 30. e4+ Ke6 31. g4 Rd3 32. gxh5 gxh5 33. Rh1 Nd4 34. Rh3 Rb3 35. Rg3 Rxb2+ 36. Kh3 Rb3 37. Kg2 Ne2 38. Bh6 Nxg3 39. Kxg3 c4 40. Kf4 c3 41. Kg5 c2 42. Kxh5 Rxf3 43. Bg5 Ra3 44. Kg6 Rxa4 45. h5 Rxe4 46. h6 Rg4 47. h7 c1Q 48. h8Q Qxg5+ 49. Kh7 Rh4# 0-1

[Event "Titled Tuesday intern op 06th Feb Late"]
[Site "Chess.com INT"]
[Date "2024.02.06"]
[Round "4"]
[White "Van Dael, Siem"]
[Black "Korol, Dimitry"]
[Result "0-1"]
[WhiteElo "2319"]
[BlackElo "2287"]
[PlyCount "82"]
[EventDate "2024.02.06"]
[EventType "swiss (blitz)"]
[EventRounds "11"]
[EventCountry "USA"]
[SourceTitle "CB07_2024"]
[SourceDate "2024.02.14"]
[SourceVersion "1"]
[SourceVersionDate "2024.02.14"]
[SourceQuality "1"]

1. e4 c5 2. Nf3 d6 3. d4 cxd4 4. Nxd4 Nf6 5. Nc3 g6 6. Be3 Bg7 7. f3 0-0 8. Qd2 Nc6 9. 0-0-0 d5 10. Qe1 e5 11. Nxc6 bxc6 12. exd5 cxd5 13. Bg5 Be6 14. Bc4 h6 15. Bxf6 Qxf6 16. Bxd5 Rab8 17. Bxe6 Qxe6 18. g4 Rfc8 19. Rd3 e4 20. Qxe4 Qb6 21. Na4 Bxb2+ 22. Kb1 Qc7 23. Rb3 Bg7 24. h4 Re8 25. Qd5 Red8 26. Qc5 Qf4 27. Nb2 Rxb3 28. axb3 Qxf3 29. Re1 Qf6 30. Qa3 Rd6 31. g5 Qc3 32. Re8+ Kh7 33. Re4 Ra6 34. Ra4 Re6 35. gxh6 Kxh6 36. Ka2 Qxc2 37. Rc4 Qg2 38. b4 Re2 39. Qd3 Rxb2+ 40. Ka3 Ra2+ 41. Kb3 Qb2# 0-1

[Event "Titled Tuesday intern op 06th Feb Early"]
[Site "Chess.com INT"]
[Date "2024.02.06"]
[Round "3"]
[White "Van Dael, Siem"]
[Black "Magem Badals, Jordi"]
[Result "0-1"]
[WhiteElo "2319"]
[BlackElo "2501"]
[PlyCount "96"]
[EventDate "2024.02.06"]
[EventType "swiss (blitz)"]
[EventRounds "11"]
[EventCountry "USA"]
[SourceTitle "CB07_2024"]
[SourceDate "2024.02.14"]
[SourceVersion "1"]
[SourceVersionDate "2024.02.14"]
[SourceQuality "1"]

1. e4 c5 2. c3 Nf6 3. e5 Nd5 4. Nf3 e6 5. d4 cxd4 6. cxd4 b6 7. Nc3 Nxc3 8. bxc3 Qc7 9. Bd2 Be7 10. Bd3 Ba6 11. Bxa6 Nxa6 12. 0-0 0-0 13. Qe2 Qb7 14. Bg5 f6 15. exf6 Bxf6 16. Bxf6 Rxf6 17. Rad1 Nc7 18. c4 d6 19. Rfe1 Raf8 20. d5 e5 21. Qc2 h6 22. Re3 Na6 23. Rde1 Nc5 24. h3 Qf7 25. R1e2 Rf4 26. Kh2 Qh5 27. Kg1 Qe8 28. Ra3 R8f7 29. Qg6 R4f6 30. Qh5 Qf8 31. Qh4 Rf4 32. Qg3 Ne4 33. Qg6 R7f6 34. Qxe4 Rxe4 35. Rxe4 Rf4 36. Ree3 Qf7 37. Nd2 Rxf2 38. Ne4 Rf1+ 39. Kh2 Qf4+ 40. g3 Qf8 41. Kg2 Rc1 42. Rf3 Qe7 43. Ra4 Kh7 44. Rf2 Re1 45. Nd2 e4 46. Rf1 Re2+ 47. Rf2 Rxf2+ 48. Kxf2 e3+ 0-1

[Event "Titled Tuesday intern op 23rd Jan Late"]
[Site "Chess.com INT"]
[Date "2024.01.23"]
[Round "9"]
[White "Ronka, Erik"]
[Black "Van Dael, Siem"]
[Result "0-1"]
[WhiteElo "2291"]
[BlackElo "2319"]
[PlyCount "82"]
[EventDate "2024.01.23"]
[EventType "swiss (blitz)"]
[EventRounds "11"]
[EventCountry "USA"]
[SourceTitle "CB05_2024"]
[SourceDate "2024.01.31"]
[SourceVersion "1"]
[SourceVersionDate "2024.01.31"]
[SourceQuality "1"]

1. e4 e5 2. Nf3 Nc6 3. Bc4 Nf6 4. d3 Bc5 5. 0-0 a5 6. c3 d6 7. h3 h6 8. Re1 0-0 9. Nbd2 Be6 10. b3 Qb8 11. Bb2 Qa7 12. Rf1 Bxc4 13. Nxc4 b5 14. Ncd2 b4 15. cxb4 axb4 16. Nc4 Nd7 17. a3 bxa3 18. Nxa3 Rfb8 19. Nc2 Qb6 20. Rxa8 Rxa8 21. d4 exd4 22. Nfxd4 Nxd4 23. Nxd4 Ne5 24. Kh2 Ra2 25. Bc3 Ra3 26. f4 Ng6 27. Nf5 Qxb3 28. Qxb3 Rxb3 29. Bxg7 Kh7 30. Bxh6 Rb4 31. Re1 Bf2 32. Re2 Bb6 33. Bg5 f6 34. Bh6 Rb5 35. h4 Rxf5 36. exf5 Nxh4 37. Bf8 Nxf5 38. g4 Ne3 39. Kh3 Kg6 40. Be7 Nd5 41. Bd8 Nxf4+ 0-1

[Event "Titled Tuesday intern op 23rd Jan Late"]
[Site "Chess.com INT"]
[Date "2024.01.23"]
[Round "11"]
[White "Van Dael, Siem"]
[Black "Mekhitarian, Krikor Sevag"]
[Result "0-1"]
[WhiteElo "2319"]
[BlackElo "2554"]
[PlyCount "130"]
[EventDate "2024.01.23"]
[EventType "swiss (blitz)"]
[EventRounds "11"]
[EventCountry "USA"]
[SourceTitle "CB05_2024"]
[SourceDate "2024.01.31"]
[SourceVersion "1"]
[SourceVersionDate "2024.01.31"]
[SourceQuality "1"]

1. e4 e6 2. d4 d5 3. Nc3 Nf6 4. Bg5 dxe4 5. Nxe4 Be7 6. Bxf6 gxf6 7. Nf3 f5 8. Nc3 a6 9. g3 b5 10. Bg2 Bb7 11. 0-0 0-0 12. Ne5 Bxg2 13. Kxg2 c5 14. Qf3 Ra7 15. dxc5 Qc7 16. Rfe1 Qxc5 17. Rad1 Bf6 18. Nd3 Qc6 19. Nb4 Qxf3+ 20. Kxf3 Bxc3 21. bxc3 Rc7 22. Rd3 a5 23. Nd5 exd5 24. Re5 Rfc8 25. Rxf5 Rxc3 26. Rfxd5 Rxc2 27. Rxb5 Nc6 28. a4 Rc4 29. Kg2 Rxa4 30. Rd7 Re4 31. Rg5+ Kf8 32. Rh5 Re7 33. Rxh7 Rxd7 34. Rh8+ Ke7 35. Rxc8 Kd6 36. h4 f5 37. h5 Ra7 38. Rg8 a4 39. h6 a3 40. Rg6+ Kc5 41. Rf6 a2 42. Rxf5+ Kc4 43. Rf4+ Nd4 44. Rh4 a1Q 45. h7 Ra8 46. h8Q Rxh8 47. Rxh8 Qd1 48. Rf8 Kd5 49. Rf4 Ke5 50. Kh3 Qh1+ 51. Kg4 Qd1+ 52. f3 Ne6 53. Re4+ Kf6 54. Re3 Qd5 55. f4 Qf5+ 56. Kf3 Nd4+ 57. Kf2 Qc2+ 58. Kf1 Qd2 59. Re5 Nf3 60. Re2 Qd3 61. Kf2 Nd4 62. Re5 Qd2+ 63. Kf1 Nf5 64. g4 Ne3+ 65. Kg1 Qg2# 0-1

[Event "Sant Boi de Llobregat op 4th"]
[Site "Sant Boi de Llobregat"]
[Date "2023.12.01"]
[Round "2"]
[White "Velten, Paul"]
[Black "Van Dael, Siem"]
[Result "1-0"]
[WhiteElo "2481"]
[BlackElo "2367"]
[PlyCount "75"]
[EventDate "2023.11.30"]
[EventType "swiss"]
[EventRounds "9"]
[EventCountry "ESP"]
[SourceTitle "CB50_2023"]
[SourceDate "2023.12.13"]
[SourceVersion "1"]
[SourceVersionDate "2023.12.13"]
[SourceQuality "1"]

1. d4 Nf6 2. c4 g6 3. Nc3 Bg7 4. e4 d6 5. h3 e5 6. d5 Na6 7. Bd3 Nc5 8. Bc2 a5 9. Bg5 h6 10. Be3 Nh5 11. Nge2 Bf6 12. g4 Nf4 13. Nxf4 exf4 14. Bxf4 h5 15. Rg1 g5 16. Be3 hxg4 17. hxg4 Rh3 18. Qe2 Be5 19. 0-0-0 Qf6 20. Qd2 Rxe3 21. fxe3 Bd7 22. Rdf1 Qg7 23. Rg2 a4 24. Rgf2 a3 25. Kb1 axb2 26. Ne2 f6 27. Rg1 b5 28. cxb5 Bxb5 29. Nd4 Bc4 30. Qb4 Rxa2 31. Rfg2 Ra1+ 32. Kxb2 Rxg1 33. Rxg1 Bd3 34. Qb8+ Kf7 35. Bxd3 Nxd3+ 36. Kc2 Nc5 37. Nf5 Qh7 38. Rh1 1-0

[Event "Hoogeveen op 26th"]
[Site "Hoogeveen"]
[Date "2023.10.28"]
[Round "9"]
[White "Van Dael, Siem"]
[Black "Van Foreest, Machteld"]
[Result "1-0"]
[WhiteElo "2321"]
[BlackElo "2266"]
[PlyCount "65"]
[EventDate "2023.10.21"]
[EventType "swiss"]
[EventRounds "9"]
[EventCountry "NED"]
[SourceTitle "Mega2024 Update 01"]
[Source "Chessbase"]
[SourceDate "2023.11.12"]
[SourceVersion "1"]
[SourceVersionDate "2023.11.12"]
[SourceQuality "1"]

1. e4 c5 2. Nf3 e6 3. d4 cxd4 4. Nxd4 Nf6 5. Nc3 Nc6 6. Be2 Bb4 7. 0-0 Bxc3 8. bxc3 Nxe4 9. Nxc6 dxc6 10. Bd3 Nc5 11. Qg4 0-0 12. Rd1 Nxd3 13. Rxd3 Qe7 14. Rg3 f5 15. Qc4 b5 16. Qxc6 Bb7 17. Qxb5 f4 18. Rg4 Rf5 19. Qa4 e5 20. Ba3 Qf7 21. h4 Rd8 22. Rb1 h5 23. Rg5 Rxg5 24. hxg5 Bxg2 25. Kxg2 Qd5+ 26. Kg1 Qf3 27. Qc4+ Kh8 28. Qf1 Qxc3 29. Bb2 Qc5 30. Qe2 Rb8 31. Qxh5+ Kg8 32. g6 Rb6 33. Rd1 1-0

[Event "Titled Tuesday intern op 19th Sep Late"]
[Site "Chess.com INT"]
[Date "2023.09.19"]
[Round "4"]
[White "Van Dael, Siem"]
[Black "Ljubarov, Mark"]
[Result "1-0"]
[WhiteElo "2317"]
[BlackElo "2305"]
[PlyCount "99"]
[EventDate "2023.09.19"]
[EventType "swiss (blitz)"]
[EventRounds "11"]
[EventCountry "USA"]
[SourceTitle "EXT 2024"]
[Source "ChessBase"]
[SourceDate "2023.10.10"]
[SourceVersion "1"]
[SourceVersionDate "2023.10.10"]
[SourceQuality "1"]

1. e4 c6 2. d4 d5 3. e5 Bf5 4. h4 h5 5. Bg5 Qb6 6. Bd3 Bxd3 7. Qxd3 e6 8. Nd2 c5 9. Ngf3 Nc6 10. 0-0 cxd4 11. c4 dxc3 12. bxc3 Nge7 13. Rab1 Qc7 14. c4 Nxe5 15. Nxe5 Qxe5 16. Rxb7 f6 17. Nf3 Qe4 18. Qb3 Qxc4 19. Qb1 Kf7 20. Rc1 Qe4 21. Qb5 Kg6 22. Be3 Nf5 23. Qd7 Nxe3 24. Qf7+ Kh6 25. Re1 Qg6 26. Rxe3 Qxf7 27. Rxf7 e5 28. Nh2 Bc5 29. Rg3 Rhg8 30. Rc7 Rac8 31. Rgxg7 Rxc7 32. Rxc7 Bb6 33. Rd7 d4 34. Kf1 Rc8 35. g4 hxg4 36. Nxg4+ Kg6 37. Rd6 Rf8 38. Nxe5+ Kf5 39. Nd7 Rd8 40. Rxf6+ Kg4 41. Nxb6 axb6 42. Rxb6 Kxh4 43. Ke2 Kg4 44. Rb4 Kf4 45. Kd3 Kf3 46. Rxd4 Ra8 47. a4 Kg2 48. f4 Kf3 49. f5 Rf8 50. Rd5 1-0

[Event "Titled Tuesday intern op 19th Sep Late"]
[Site "Chess.com INT"]
[Date "2023.09.19"]
[Round "2"]
[White "Van Dael, Siem"]
[Black "Toczek, Grzegorz"]
[Result "0-1"]
[WhiteElo "2317"]
[BlackElo "2267"]
[PlyCount "136"]
[EventDate "2023.09.19"]
[EventType "swiss (blitz)"]
[EventRounds "11"]
[EventCountry "USA"]
[SourceTitle "EXT 2024"]
[Source "ChessBase"]
[SourceDate "2023.10.10"]
[SourceVersion "1"]
[SourceVersionDate "2023.10.10"]
[SourceQuality "1"]

1. b3 Nc6 2. Bb2 e5 3. e3 a6 4. Nf3 d6 5. d4 exd4 6. Nxd4 Nf6 7. Bd3 Be7 8. Nxc6 bxc6 9. Nd2 0-0 10. Nf3 Bg4 11. 0-0 Re8 12. h3 Bh5 13. Be2 Ne4 14. Nd4 Bxe2 15. Qxe2 Qd7 16. Qf3 Bf6 17. Rfd1 c5 18. c4 cxd4 19. Bxd4 Bxd4 20. Rxd4 Nc5 21. Rad1 a5 22. Rd5 Qe7 23. R1d4 g6 24. Rf4 Rab8 25. h4 a4 26. h5 axb3 27. axb3 Rxb3 28. hxg6 hxg6 29. g3 Rd3 30. Rh5 Ne6 31. Rxf7 Ng5 32. Rxg5 Qxg5 33. Rxc7 Rf8 34. Qe4 Qf5 35. Qf4 Qxf4 36. gxf4 Rf7 37. Rc6 Kf8 38. c5 dxc5 39. Rxc5 Rd6 40. Rg5 Rf5 41. Rg3 Kf7 42. Kg2 Ra5 43. Kf3 Ra2 44. Rg5 Rdd2 45. Rg2 Kf6 46. Rh2 Rd5 47. Rg2 Rh5 48. Ke4 Ra4+ 49. Kf3 Ra1 50. Ke4 g5 51. fxg5+ Rxg5 52. Rh2 Ra4+ 53. Kf3 Rf5+ 54. Kg3 Ra7 55. f4 Re7 56. Kf3 Ra5 57. Rh6+ Kg7 58. Rh2 Ra3 59. Re2 Kf6 60. Re1 Kf5 61. Re2 Rh7 62. Kg3 Ke4 63. Kg4 Rxe3 64. Rxe3+ Kxe3 65. f5 Ke4 66. Kg5 Ke5 67. Kg6 Rh2 68. f6 Rg2+ 0-1

[Event "World-chT Rapid"]
[Site "Dusseldorf"]
[Date "2023.08.28"]
[Round "9"]
[White "Van Dael, Siem"]
[Black "Zuferi, Enis"]
[Result "1-0"]
[WhiteElo "2285"]
[BlackElo "2367"]
[PlyCount "149"]
[EventDate "2023.08.26"]
[EventType "team-swiss (rapid)"]
[EventRounds "12"]
[EventCountry "GER"]
[SourceTitle "CBM 215 Extra"]
[Source "ChessBase"]
[SourceDate "2023.09.30"]
[SourceVersion "1"]
[SourceVersionDate "2023.09.30"]
[SourceQuality "1"]
[WhiteTeam "Blerickse Schaakvereniging"]
[BlackTeam "Heilbronn Hustlers"]
[WhiteTeamCountry "NED"]
[BlackTeamCountry "GER"]

1. e4 c5 2. Nf3 d6 3. d4 cxd4 4. Nxd4 Nf6 5. Nc3 a6 6. Be3 Ng4 7. Bc1 Nc6 8. Nxc6 bxc6 9. h3 Nf6 10. Bc4 e6 11. 0-0 d5 12. Bb3 Bd6 13. Re1 Nxe4 14. Nxe4 dxe4 15. Qg4 0-0 16. Qxe4 Qc7 17. c3 Bb7 18. Bc2 g6 19. Bg5 Be7 20. Bf4 Bd6 21. Bxd6 Qxd6 22. Rad1 Qe7 23. Ba4 c5 24. Bc6 Rab8 25. b3 a5 26. Qa4 Bxc6 27. Qxc6 Rfc8 28. Qa4 c4 29. bxc4 Rc5 30. Re3 Rf5 31. Qc2 Qa3 32. Rb1 Rc8 33. Qb3 Qc5 34. Rd1 Qxc4 35. Qxc4 Rxc4 36. Rd4 Rxd4 37. cxd4 Kf8 38. Kf1 Ke7 39. Ke2 Kd6 40. Ra3 Kc6 41. Ke3 Kb5 42. g4 Rd5 43. Rb3+ Kc6 44. Rc3+ Kd7 45. Rb3 Kc6 46. Rb8 h5 47. Rf8 hxg4 48. hxg4 Rd7 49. a4 Kd5 50. Ra8 Kc4 51. Rxa5 Rxd4 52. g5 Rd3+ 53. Ke4 Rd2 54. f4 Rd4+ 55. Ke5 Rd5+ 56. Rxd5 exd5 57. a5 d4 58. a6 d3 59. a7 d2 60. a8Q d1Q 61. Qe4+ Kc5 62. Kf6 Qb3 63. Qe7+ Kd4 64. Qxf7 Qf3 65. Kxg6 Qe4+ 66. f5 Qb1 67. Qe6 Qc2 68. Kg7 Qc7+ 69. Qf7 Qf4 70. g6 Qh2 71. f6 Qh3 72. Qe7 Kd5 73. f7 Qc3+ 74. Qf6 Qc7 75. Kg8 1-0

[Event "World-chT Rapid"]
[Site "Dusseldorf"]
[Date "2023.08.27"]
[Round "8.13"]
[White "Van Dael, Siem"]
[Black "Helbig, Mark"]
[Result "1-0"]
[WhiteElo "2285"]
[BlackElo "2307"]
[PlyCount "73"]
[EventDate "2023.08.26"]
[EventType "team-swiss (rapid)"]
[EventRounds "12"]
[EventCountry "GER"]
[SourceTitle "CBM 215 Extra"]
[Source "ChessBase"]
[SourceDate "2023.09.30"]
[SourceVersion "1"]
[SourceVersionDate "2023.09.30"]
[SourceQuality "1"]
[WhiteTeam "Blerickse Schaakvereniging"]
[BlackTeam "Neustadt Weinstrasse"]
[WhiteTeamCountry "NED"]
[BlackTeamCountry "GER"]

1. e4 c6 2. d4 d5 3. e5 c5 4. dxc5 e6 5. a3 Bxc5 6. b4 Bb6 7. Qg4 Ne7 8. Qg5 g6 9. Qxg6 Rg8 10. Qxh7 Bd4 11. c3 Bxe5 12. Nf3 Bf6 13. h4 Qc7 14. Qc2 e5 15. Bg5 Bh8 16. Bb5+ Nbc6 17. Bxc6+ bxc6 18. Nbd2 Bf5 19. Qa4 f6 20. Be3 Rxg2 21. 0-0-0 a5 22. h5 Rg8 23. Rdg1 Kf7 24. Rxg8 Rxg8 25. Qxa5 Qxa5 26. bxa5 Ra8 27. Bb6 Nc8 28. c4 dxc4 29. Nxc4 Be6 30. Nfd2 f5 31. Kc2 e4 32. Bc7 Bd5 33. Rh3 Ne7 34. Ne5+ Ke6 35. Nec4 Bf6 36. h6 Rh8 37. h7 1-0

[Event "Split op 12th"]
[Site "Split"]
[Date "2023.08.05"]
[Round "1"]
[White "Van Dael, Siem"]
[Black "Erceg, Slobodan"]
[Result "1-0"]
[WhiteElo "2285"]
[BlackElo "1753"]
[PlyCount "41"]
[EventDate "2023.08.05"]
[EventType "swiss"]
[EventRounds "9"]
[EventCountry "CRO"]
[SourceTitle "CBM 215 Extra"]
[Source "ChessBase"]
[SourceDate "2023.09.30"]
[SourceVersion "1"]
[SourceVersionDate "2023.09.30"]
[SourceQuality "1"]

1. e4 d5 2. exd5 Qxd5 3. Nc3 Qd8 4. Bc4 Nf6 5. Nf3 Bg4 6. Ne5 Qd4 7. Bxf7+ Kd8 8. Nxg4 Nxg4 9. Qe2 g6 10. d3 Nc6 11. h3 Nh6 12. Bb3 Nf5 13. g4 Nd6 14. Be3 Qf6 15. 0-0-0 Bg7 16. d4 Na5 17. Nd5 Qe6 18. Nf4 Nxb3+ 19. axb3 Qf7 20. d5 a6 21. Ne6+ 1-0

[Event "Solta op 6th"]
[Site "Grohote"]
[Date "2023.06.30"]
[Round "4"]
[White "Van Dael, Siem"]
[Black "Simoncic, Silvo"]
[Result "1-0"]
[WhiteElo "2290"]
[BlackElo "2135"]
[PlyCount "107"]
[EventDate "2023.06.27"]
[EventType "swiss"]
[EventRounds "9"]
[EventCountry "CRO"]
[SourceTitle "EXT 2024"]
[Source "ChessBase"]
[SourceDate "2023.10.10"]
[SourceVersion "1"]
[SourceVersionDate "2023.10.10"]
[SourceQuality "1"]

1. e4 d5 2. exd5 Nf6 3. d4 Nxd5 4. c4 Nb6 5. Nc3 g6 6. Be3 Bg7 7. Rc1 0-0 8. b3 Nc6 9. d5 Ne5 10. Be2 c6 11. f4 Ned7 12. dxc6 bxc6 13. Bf3 Qc7 14. Nge2 e5 15. c5 Nd5 16. Bxd5 cxd5 17. Nxd5 Qd8 18. 0-0 Ba6 19. Re1 Re8 20. Bf2 exf4 21. Nexf4 Ne5 22. b4 Rc8 23. Qb3 Qg5 24. Qg3 h6 25. Rcd1 Bc4 26. a3 Ng4 27. h4 Qf5 28. Ne7+ Rxe7 29. Rxe7 Be5 30. Rxe5 Nxe5 31. Nd5 Re8 32. Ne3 Qh5 33. Rd2 Be6 34. Qf4 Ng4 35. Nxg4 Bxg4 36. Qf6 Qf5 37. Bd4 Re1+ 38. Kh2 Qxf6 39. Bxf6 g5 40. hxg5 hxg5 41. Bxg5 Kg7 42. Kg3 Be6 43. Bf4 Kf6 44. Rd3 Kf5 45. Rc3 Re4 46. Bb8 a6 47. Rf3+ Kg6 48. Kf2 Bc4 49. Rc3 Bb5 50. c6 Re2+ 51. Kg3 Re8 52. c7 Bd7 53. Rd3 Re7 54. Rxd7 1-0

[Event "Solta op 6th"]
[Site "Grohote"]
[Date "2023.06.27"]
[Round "1"]
[White "Dahlgren, James Allen"]
[Black "Van Dael, Siem"]
[Result "0-1"]
[WhiteElo "1805"]
[BlackElo "2290"]
[PlyCount "96"]
[EventDate "2023.06.27"]
[EventType "swiss"]
[EventRounds "9"]
[EventCountry "CRO"]
[SourceTitle "EXT 2024"]
[Source "ChessBase"]
[SourceDate "2023.10.10"]
[SourceVersion "1"]
[SourceVersionDate "2023.10.10"]
[SourceQuality "1"]

1. d4 Nf6 2. c4 g6 3. Nc3 Bg7 4. e4 d6 5. f3 0-0 6. Bg5 c5 7. d5 e6 8. Bd3 exd5 9. cxd5 h6 10. Be3 Re8 11. Qd2 Nbd7 12. Nh3 Ne5 13. Nf2 Kh7 14. 0-0 a6 15. a4 Rb8 16. a5 b5 17. axb6 Rxb6 18. Ra2 Rb4 19. Rb1 Qb6 20. Ra4 a5 21. Qc2 Bd7 22. Ra3 Rb8 23. Nfd1 Nc4 24. Bxc4 Rxc4 25. b3 Rb4 26. Na2 Ra4 27. bxa4 Qxb1 28. Qxb1 Rxb1 29. Nac3 Rb4 30. Kf1 Ne8 31. Ke1 f5 32. Bd2 Be5 33. g3 Nf6 34. exf5 gxf5 35. Ne3 f4 36. gxf4 Bxf4 37. Nf1 Be5 38. Nb5 Bxb5 39. axb5 Rxb5 40. f4 Bd4 41. Ng3 Rb1+ 42. Ke2 Nxd5 43. Rxa5 Rb2 44. Ra7+ Kg8 45. Kd3 Bg1 46. Ra8+ Kf7 47. Ne4 c4+ 48. Kxc4 Rxd2 0-1

[Event "Helmond Rapid op"]
[Site "Helmond"]
[Date "2023.06.10"]
[Round "6"]
[White "Van Dael, Siem"]
[Black "Albers, Sasa"]
[Result "1-0"]
[WhiteElo "2287"]
[BlackElo "2133"]
[PlyCount "131"]
[EventDate "2023.06.10"]
[EventType "swiss (rapid)"]
[EventRounds "9"]
[EventCountry "NED"]
[SourceTitle "CBM 214 Extra"]
[Source "ChessBase"]
[SourceDate "2023.07.31"]
[SourceVersion "1"]
[SourceVersionDate "2023.07.31"]
[SourceQuality "1"]

1. e4 c6 2. d4 d5 3. Nd2 dxe4 4. Nxe4 Nf6 5. Nxf6+ exf6 6. c3 Bd6 7. Bd3 0-0 8. Qc2 Re8+ 9. Ne2 h5 10. 0-0 h4 11. h3 Nd7 12. b3 Nf8 13. a4 a5 14. Bb2 Bc7 15. Ba3 f5 16. Kh1 Nh7 17. Rae1 g6 18. Ng1 Rxe1 19. Rxe1 Be6 20. Nf3 Ng5 21. Ne5 Bd5 22. c4 Be4 23. Bxe4 Nxe4 24. Rxe4 fxe4 25. Qxe4 Bxe5 26. Qxe5 Qd7 27. Qf6 Qe6 28. Qxh4 f6 29. Qg3 Kg7 30. Kh2 Rd8 31. Bc5 Rd7 32. Qb8 Rf7 33. Qg3 Qe4 34. Bb6 Rd7 35. Bc5 g5 36. Qg4 Qxg4 37. hxg4 Kf7 38. Kg3 b6 39. Bxb6 Rb7 40. c5 Ke6 41. Kf3 Kd5 42. Ke3 Re7+ 43. Kd3 Re4 44. Bxa5 Rxd4+ 45. Kc3 Rxg4 46. g3 Kxc5 47. Bd8 f5 48. b4+ Kd6 49. a5 f4 50. gxf4 gxf4 51. a6 Rg8 52. Bb6 Kd5 53. a7 Rh8 54. Bc7 Ra8 55. Bb8 Ke4 56. Kd2 Kd4 57. Bxf4 Kc4 58. Bb8 Kxb4 59. Kd3 Kc5 60. Ke4 Kb6 61. f4 c5 62. Kd5 Kb7 63. Kxc5 Rxb8 64. axb8Q+ Kxb8 65. Kd6 Kc8 66. Ke7 1-0

[Event "Helmond Rapid op"]
[Site "Helmond"]
[Date "2023.06.10"]
[Round "2"]
[White "Van Dael, Siem"]
[Black "Geboers, Jimmy"]
[Result "1-0"]
[WhiteElo "2287"]
[BlackElo "1872"]
[PlyCount "73"]
[EventDate "2023.06.10"]
[EventType "swiss (rapid)"]
[EventRounds "9"]
[EventCountry "NED"]
[SourceTitle "CBM 214 Extra"]
[Source "ChessBase"]
[SourceDate "2023.07.31"]
[SourceVersion "1"]
[SourceVersionDate "2023.07.31"]
[SourceQuality "1"]

1. e4 e6 2. d4 d5 3. Nc3 Nf6 4. Bg5 Be7 5. e5 Ne4 6. Bxe7 Nxc3 7. bxc3 Qxe7 8. Qg4 0-0 9. Bd3 Nd7 10. Nf3 f5 11. exf6 Nxf6 12. Qh4 Qa3 13. 0-0 c5 14. dxc5 Qxc5 15. Qd4 Qxd4 16. cxd4 Bd7 17. Rab1 Bc6 18. Rfe1 Ne4 19. Bxe4 dxe4 20. Ng5 Rfd8 21. c3 Rd5 22. Nxe4 Ra5 23. Nc5 Rxa2 24. Nxe6 Re8 25. c4 b6 26. d5 Bd7 27. Nd4 Rc8 28. Re7 Rxc4 29. Ne6 Bxe6 30. dxe6 g6 31. g3 Rcc2 32. Rd1 Rxf2 33. Rd8+ Rf8 34. Rdd7 Rff2 35. Rg7+ Kf8 36. e7+ Kxg7 37. e8Q+ 1-0

[Event "Titled Tuesday intern op 06th Jun Late"]
[Site "Chess.com INT"]
[Date "2023.06.06"]
[Round "2"]
[White "Van Dael, Siem"]
[Black "Hartikainen, Jarmo"]
[Result "1-0"]
[WhiteElo "2287"]
[BlackElo "2108"]
[PlyCount "69"]
[EventDate "2023.06.06"]
[EventType "swiss (blitz)"]
[EventRounds "11"]
[EventCountry "USA"]
[SourceTitle "EXT 2024"]
[Source "ChessBase"]
[SourceDate "2023.10.10"]
[SourceVersion "1"]
[SourceVersionDate "2023.10.10"]
[SourceQuality "1"]

1. e4 c5 2. Nf3 Nc6 3. d4 cxd4 4. Nxd4 Nf6 5. Nc3 d6 6. Nd5 e6 7. Nxf6+ Qxf6 8. Nb5 Qd8 9. c4 a6 10. Nc3 Be7 11. Be3 0-0 12. Qd2 Qc7 13. Rc1 Bd7 14. Be2 b6 15. 0-0 Rfd8 16. a3 Bf6 17. f3 Be8 18. Nd5 exd5 19. cxd5 Qb7 20. dxc6 Bxc6 21. Bd4 Bxd4+ 22. Qxd4 d5 23. e5 b5 24. f4 Bd7 25. Bf3 Be6 26. Rc5 Qa7 27. Rfc1 g6 28. Kh1 h5 29. Qd3 Kh7 30. Bxh5 Bf5 31. Qd1 gxh5 32. Qxh5+ Kg7 33. Qxf5 d4 34. Rc7 Qb6 35. Rxf7+ 1-0

[Event "Titled Tuesday intern op 06th Jun Late"]
[Site "Chess.com INT"]
[Date "2023.06.06"]
[Round "9"]
[White "Van Dael, Siem"]
[Black "Martinez Ramirez, Lennis"]
[Result "0-1"]
[WhiteElo "2287"]
[BlackElo "2426"]
[PlyCount "74"]
[EventDate "2023.06.06"]
[EventType "swiss (blitz)"]
[EventRounds "11"]
[EventCountry "USA"]
[SourceTitle "EXT 2024"]
[Source "ChessBase"]
[SourceDate "2023.10.10"]
[SourceVersion "1"]
[SourceVersionDate "2023.10.10"]
[SourceQuality "1"]

1. e4 c5 2. Nf3 Nc6 3. d4 cxd4 4. Nxd4 Nf6 5. Nc3 e5 6. Ndb5 d6 7. Bg5 a6 8. Na3 b5 9. Nd5 Be7 10. Bxf6 Bxf6 11. c3 0-0 12. Nc2 Bg5 13. a4 bxa4 14. Rxa4 Ne7 15. Ncb4 Nxd5 16. Nxd5 Bb7 17. Bc4 a5 18. 0-0 Bc6 19. Ra2 a4 20. Qd3 Rb8 21. g3 Qd7 22. f4 exf4 23. gxf4 Bd8 24. Qg3 Kh8 25. Re1 f5 26. e5 dxe5 27. Rxe5 Bf6 28. Nxf6 Rxf6 29. Qd3 Rd6 30. Qe3 Rg6+ 31. Kf2 Qd1 32. Bf1 Rd8 33. b4 axb3 34. Re2 h6 35. Re7 Qd5 36. Qe5 Rg2+ 37. Ke1 Qd1# 0-1